000 00647nam a2200193 u 4500
001 000164954
003 AM-YeHGA
005 20250617123331.0
008 950720s1981 ru a|||gr|||||||||0|rus|d
040 _aAM-YeHGA
041 0 _arus
100 1 _aЮдович, Яков Эльевич
245 1 0 _aРегиональная геохимия осадочных толщ /
_cЯ.Э. Юдович.
260 _aЛенинград :
_bНаука. Ленингр. отд-ние,
_c1981.
300 _a276 с. :
_bил. ;
_c21 см.
650 1 4 _aГорные породы осадочные
_xГеохимия
942 _2udc
_cBK
090 _c57412
999 _c56506
_d56506